000 00833cam a22002534a 4500
003 OSt
005 20230627114522.0
008 070504s2007 enk b 001 0 eng
020 _a9780754670889
040 _cNIRUC
050 0 0 _aQA76.9
_b.A25P69 2007
245 0 0 _aPower and security in the information age :
_binvestigating the role of the state in cyberspace /
_cedited by Myriam Dunn Cavelty, Victor Mauer, Sai Felicia Krishna-Hensel
260 _aLondon
_bRoutledge
_c2007
300 _axiv, 167 p.
_c24 cm.
504 _aIncludes bibliographical references
650 0 _aComputer security
650 0 _aInformation society
650 0 _aInformation technology
650 0 _aCyberterrorism
700 1 _aDunn Cavelty, Myriam
700 1 _aMauer, Victor
700 1 _aKrishna-Hensel, Sai Felicia
942 _2lcc
_cBK
_n0
999 _c295
_d295